Just How Many Are There? - A Multiple Choice Quiz - Statistics

General Stats
  • This quiz has been taken 39 times
  • The average score is 6 of 20
Answer Stats
Question Answer % Correct
What is the estimated global population of pigeons? 400-600 million
69%
How many eggs(chicken) are consumed in the United States of America in a single day? 222,778,000
54%
How many UNESCO World Heritage Sites are there? 1199
46%
How many people have climbed Mt. Everest? 6098
46%
How many neurons in the human brain? 86 billion
46%
How many Saints in the Catholic Church? 10220
38%
How much cocaine is produced in Colombia in a single year? 1,228 metric tons
38%
How many people have died trying to climb Mt. Everest? 310
38%
At 78°55' N, Ny-Ålesund, Svalbaard, Norway, is the most northerly place in the world with a permanent all-year round population. How many people live there permanently? 35
38%
How many giant pandas are currently believed to be living in the wild in China? 1,800
31%
How many camels are there in Saudi Arabia: 1,480,000
23%
How many iPhones are manufactured every minute? 350
23%
How many kangaroos are believed to living in the wild in Australia currently? 36.5 million
23%
How many human made satellites are currently orbiting Earth? 6,000
23%
Mexico has more venomous animal species than any other country. How many does it have? 80
23%
How many Chess Grandmasters are there currently alive? 1822
15%
How many Brazilian professional footballers(soccer players) currently playing overseas? 3824
15%
How many tweets are sent on Twitter each day? 500,000,000
15%
How much money is traded on the New York Stock Exchange in a single day? US $169 billion
15%
How many hamburgers does McDonald's sell in the United States every second? 75
0%
No matching quizzes found
Score Distribution
Percent of People with Each Score
Percentile by Number Answered
Your Score History
You have not taken this quiz